00338nam a2200133Ia 4500008004100000020001500041041001200056100001300068245005000081260004200131300000800173650001000181700001300191221030s9999 xx 000 0 und d a9380027227 aEnglish aP. Singh 0aModelling & Simulationcby P. Singh, N. Singh bS. K. Kataria & SonsaNew Delhic2015 a360 aBb It aN. Singh